Statistiques concernant Les Simpson - Bart

Cliquez ici pour prendre le quiz!

Statistiques générales

  • Ce quiz a été pris 195 fois
  • Le résultat moyen est 8 sur 10

Statistiques - réponses

QuestionRéponse% Correct
Qui est son meilleur ami ?Milhouse
98%
Quelle punition reçoit-il souvent par son père ?il se fait étrangler
97%
Sous quel pseudonyme signe-t-il ses graffitis ?El Barto
95%
Qui cherche en permanence à le tuer ?Tahiti Bob
95%
Quel personnage de BD a-t-il créé ?Papa Furax
88%
Quel est son super-héros préféré ?Radioactive Man
88%
Qui aime-t-il appeler au téléphone pour lui faire un canular ?Moe
87%
Quel fut son premier mot ?aie caramba
73%
Quelle phrase l'a rendu célèbre lors d'une émission de Krusty ?J'ai rien fait
62%
Quel jour est-il né ?un 1er avril
49%

Distribution des résultats

Percentile par nombre de réponses

% des personnes avec chaque résultat

Votre développement - résultats

Vous n’avez pas pris ce quiz